Visualizzazione normale
Vista MARC
- Khatchaturian Aram
di Personal Name
Records bibliografici associati: 1
001 - CONTROL NUMBER
- control field: 9335
003 - CONTROL NUMBER IDENTIFIER
- control field: IT-RoPau
005 - DATE AND TIME OF LATEST TRANSACTION
- control field: 20140116210723.0
008 - FIXED-LENGTH DATA ELEMENTS
- fixed length control field: 140116|| aca||aabn | a|a d
040 ## - CATALOGING SOURCE
- Original cataloging agency: IT-RoPau
- Transcribing agency: IT-RoPau
100 ## - HEADING--PERSONAL NAME
- Personal name: Khatchaturian Aram
- Miscellaneous information: Codice interprete SPICS: 5094
- Relator term: Interprete
670 ## - SOURCE DATA FOUND
- Source citation: Work cat.: (IT-RoPau)103529: Khatchaturian Aram 9332, Spartacus